[Event "ZL-2018-0-02074"]
[Site "LSS email"]
[Date "2018.04.06"]
[Round "?"]
[White "Pech, Stepan"]
[Black "Bozhan, Ganev"]
[Result "0-1"]
[WhiteElo "1687"]
[BlackElo "1407"]
[PlyCount "46"]
[EventDate "2018.03.22"]
[EventType "match (corr)"]
[EventRounds "2"]
[EventCountry "GER"]
[SourceTitle "Corr 2022"]
[Source "ChessBase"]
[SourceDate "2021.10.24"]
[SourceVersion "1"]
[SourceVersionDate "2021.10.24"]
[SourceQuality "1"]

1. e4 e5 2. Nf3 Nf6 3. d4 Nxe4 4. Bd3 Nc6 5. dxe5 d5 6. 0-0 Be7 7. Nc3 Nxc3 8. bxc3 Bg4 9. Re1 0-0 10. h3 Bh5 11. Rb1 b6 12. Bf5 Bc5 13. Qd3 h6 14. g4 Bg6 15. Bf4 Ne7 16. Bxg6 Nxg6 17. Bg3 c6 18. Rbd1 Qc7 19. Nd4 Rae8 20. f4 Re7 21. Kg2 Rfe8 22. Nb3 Ba3 23. c4 dxc4 0-1

[Event "ZL-2017-0-02023"]
[Site "LSS email"]
[Date "2017.07.29"]
[Round "?"]
[White "Ranalli, Emmanuel"]
[Black "Bozhan, Ganev"]
[Result "0-1"]
[WhiteElo "1258"]
[BlackElo "1362"]
[PlyCount "38"]
[EventDate "2017.07.24"]
[EventType "match (corr)"]
[EventRounds "2"]
[EventCountry "GER"]
[SourceTitle "Corr 2022"]
[Source "ChessBase"]
[SourceDate "2021.10.24"]
[SourceVersion "1"]
[SourceVersionDate "2021.10.24"]
[SourceQuality "1"]

1. d4 Nf6 2. Nf3 d5 3. e3 Bf5 4. Bd3 Bxd3 5. Qxd3 e6 6. 0-0 c5 7. c3 Nc6 8. Nbd2 Rc8 9. a3 Bd6 10. e4 cxd4 11. cxd4 dxe4 12. Nxe4 Nxe4 13. Qxe4 0-0 14. Ng5 g6 15. Qh4 h5 16. g4 Nxd4 17. Kh1 Rxc1 18. Raxc1 Be7 19. f4 Qd5+ 0-1

[Event "ZL-2017-0-02001"]
[Site "LSS email"]
[Date "2017.05.22"]
[Round "?"]
[White "Bozhan, Ganev"]
[Black "Lauer, Frederic"]
[Result "0-1"]
[WhiteElo "1360"]
[BlackElo "1209"]
[PlyCount "66"]
[EventDate "2017.05.08"]
[EventType "match (corr)"]
[EventRounds "2"]
[EventCountry "GER"]
[SourceTitle "Corr 2022"]
[Source "ChessBase"]
[SourceDate "2021.10.24"]
[SourceVersion "1"]
[SourceVersionDate "2021.10.24"]
[SourceQuality "1"]

1. e4 c5 2. Nf3 Nf6 3. e5 Nd5 4. Nc3 e6 5. Nxd5 exd5 6. d4 Nc6 7. dxc5 Bxc5 8. Qxd5 Qb6 9. Bc4 Bxf2+ 10. Ke2 0-0 11. Rf1 Bc5 12. Ng5 Nxe5 13. Nxf7 Nxf7 14. Rxf7 Qe6+ 15. Qxe6 dxe6 16. Rxf8+ Kxf8 17. Bg5 h6 18. Rf1+ Ke8 19. Bf4 Bd7 20. Be5 Bf8 21. Bd3 Bc6 22. Bg6+ Ke7 23. Rf7+ Ke8 24. Rxg7+ Kd8 25. Bf6+ Kc8 26. Rg8 Kd7 27. Bg7 Ke7 28. Bxh6 Bxg2 29. Bg5+ Kd6 30. Bd3 Bc6 31. h4 e5 32. h5 Bd5 33. c4 Bxg8 0-1

[Event "ZL-2017-0-02001"]
[Site "LSS email"]
[Date "2017.05.22"]
[Round "?"]
[White "Lauer, Frederic"]
[Black "Bozhan, Ganev"]
[Result "0-1"]
[WhiteElo "1209"]
[BlackElo "1360"]
[PlyCount "58"]
[EventDate "2017.05.08"]
[EventType "match (corr)"]
[EventRounds "2"]
[EventCountry "GER"]
[SourceTitle "Corr 2022"]
[Source "ChessBase"]
[SourceDate "2021.10.24"]
[SourceVersion "1"]
[SourceVersionDate "2021.10.24"]
[SourceQuality "1"]

1. d4 Nf6 2. g3 c5 3. dxc5 e6 4. Bg2 Bxc5 5. Nf3 d5 6. 0-0 0-0 7. Nbd2 Qc7 8. Nb3 Bd6 9. c3 h6 10. Nbd4 a6 11. Nc2 Nc6 12. Ncd4 e5 13. Nxc6 bxc6 14. a4 Rb8 15. Re1 e4 16. Nd4 c5 17. Nc2 Be6 18. h3 Be5 19. Kh2 Rfd8 20. e3 h5 21. h4 Ng4+ 22. Kg1 Nxf2 23. Kxf2 Bxg3+ 24. Kg1 Bg4 25. Qd2 Qe7 26. Rf1 Qxh4 27. Bh1 Rb6 28. Qg2 Rg6 29. Bd2 Be2 0-1

[Event "ZL-2017-0-01982"]
[Site "LSS email"]
[Date "2017.03.03"]
[Round "?"]
[White "Lauer, Frederic"]
[Black "Bozhan, Ganev"]
[Result "0-1"]
[WhiteElo "1157"]
[BlackElo "1361"]
[PlyCount "68"]
[EventDate "2017.02.14"]
[EventType "match (corr)"]
[EventRounds "2"]
[EventCountry "GER"]
[SourceTitle "Corr 2022"]
[Source "ChessBase"]
[SourceDate "2021.10.24"]
[SourceVersion "1"]
[SourceVersionDate "2021.10.24"]
[SourceQuality "1"]

1. e4 c5 2. Nc3 a6 3. f4 b5 4. a3 Bb7 5. d3 e6 6. Nf3 Nc6 7. Be2 Be7 8. 0-0 Nd4 9. Be3 Nxe2+ 10. Nxe2 Nh6 11. h3 d5 12. exd5 Nf5 13. Bf2 Qxd5 14. Nc3 Qd8 15. Ne4 Qc7 16. Qd2 0-0 17. c3 Rfd8 18. Qe2 Rac8 19. Rad1 Bd5 20. g3 c4 21. d4 Qb7 22. Ned2 a5 23. Kh2 b4 24. axb4 axb4 25. Ne5 f6 26. Nef3 Ra8 27. Ra1 Nd6 28. Rfb1 Ne4 29. Nxe4 Bxe4 30. Rxa8 Rxa8 31. Nd2 Bxb1 32. Nxb1 Ra1 33. Qxe6+ Kf8 34. Qf5 g6 0-1

[Event "ZL-2016-0-01919"]
[Site "LSS email"]
[Date "2016.06.08"]
[Round "?"]
[White "Bozhan, Ganev"]
[Black "Lauer, Frederic"]
[Result "1-0"]
[WhiteElo "1286"]
[BlackElo "1188"]
[PlyCount "85"]
[EventDate "2016.05.31"]
[EventType "match (corr)"]
[EventRounds "2"]
[EventCountry "GER"]
[SourceTitle "Corr 2022"]
[Source "ChessBase"]
[SourceDate "2021.10.24"]
[SourceVersion "1"]
[SourceVersionDate "2021.10.24"]
[SourceQuality "1"]

1. e4 c5 2. Nf3 Nf6 3. e5 Nd5 4. Nc3 e6 5. Nxd5 exd5 6. d4 Nc6 7. dxc5 Bxc5 8. c3 Qb6 9. Qc2 d4 10. b4 Be7 11. b5 Nd8 12. Nxd4 Ne6 13. Be3 Bc5 14. Rd1 Nxd4 15. Bxd4 Bxd4 16. Rxd4 0-0 17. Bd3 h6 18. 0-0 Re8 19. Rd5 Qc7 20. f4 b6 21. Rd1 Re7 22. Rd4 Bb7 23. Rc4 Qd8 24. Bh7+ Kh8 25. Bf5 Rc8 26. Rcd4 Rc7 27. Qd2 Bc8 28. Bc2 Bb7 29. Qd3 g6 30. f5 Rxe5 31. fxg6 Qg5 32. Qf1 f5 33. Qf2 Qxg6 34. g4 d5 35. Bxf5 Qg5 36. Re1 Rxe1+ 37. Qxe1 Re7 38. Qd2 Qh4 39. Rf4 Re1+ 40. Rf1 Re7 41. Qd4+ Kg8 42. c4 Re2 43. Bh7+ 1-0

[Event "ZL-2016-0-01919"]
[Site "LSS email"]
[Date "2016.06.08"]
[Round "?"]
[White "Lauer, Frederic"]
[Black "Bozhan, Ganev"]
[Result "1/2-1/2"]
[WhiteElo "1188"]
[BlackElo "1286"]
[PlyCount "26"]
[EventDate "2016.05.31"]
[EventType "match (corr)"]
[EventRounds "2"]
[EventCountry "GER"]
[SourceTitle "Corr 2022"]
[Source "ChessBase"]
[SourceDate "2021.10.24"]
[SourceVersion "1"]
[SourceVersionDate "2021.10.24"]
[SourceQuality "1"]

1. e4 e5 2. Nf3 Nc6 3. Nc3 Nf6 4. d4 Bb4 5. Nxe5 Qe7 6. Nxc6 Qxe4+ 7. Qe2 dxc6 8. Bd2 Qxe2+ 9. Bxe2 Bf5 10. 0-0-0 0-0-0 11. Bg5 Rde8 12. Bxf6 gxf6 13. Rhe1 Rhg8 1/2-1/2

[Event "ZL-2016-0-01920"]
[Site "LSS email"]
[Date "2016.06.08"]
[Round "?"]
[White "Lauer, Frederic"]
[Black "Bozhan, Ganev"]
[Result "0-1"]
[WhiteElo "1171"]
[BlackElo "1289"]
[PlyCount "36"]
[EventDate "2016.06.04"]
[EventType "match (corr)"]
[EventRounds "2"]
[EventCountry "GER"]
[SourceTitle "Corr 2022"]
[Source "ChessBase"]
[SourceDate "2021.10.24"]
[SourceVersion "1"]
[SourceVersionDate "2021.10.24"]
[SourceQuality "1"]

1. e4 d6 2. d4 g6 3. f4 Bg7 4. Nf3 c5 5. Nc3 cxd4 6. Nxd4 Nc6 7. Bb5 Bd7 8. Be3 Nf6 9. Bxc6 bxc6 10. 0-0 Ng4 11. Bf2 Nxf2 12. Rxf2 Qb6 13. Nb3 a5 14. Na4 Qb4 15. Nc3 a4 16. a3 Qb6 17. Nd2 Qxb2 18. Ne2 Qxa1 0-1

[Event "SE-2015-0-00210"]
[Site "LSS email"]
[Date "2015.10.02"]
[Round "?"]
[White "Grimm, Wolfgang"]
[Black "Bozhan, Ganev"]
[Result "1-0"]
[WhiteElo "1442"]
[BlackElo "1347"]
[PlyCount "66"]
[EventDate "2015.08.22"]
[EventType "tourn (corr)"]
[EventRounds "6"]
[EventCountry "GER"]
[SourceTitle "Corr 2022"]
[Source "ChessBase"]
[SourceDate "2021.10.24"]
[SourceVersion "1"]
[SourceVersionDate "2021.10.24"]
[SourceQuality "1"]

1. Nf3 Nf6 2. d4 g6 3. e3 Bg7 4. Bd3 d6 5. Bd2 Nbd7 6. 0-0 0-0 7. Nc3 e5 8. Re1 c6 9. h3 Re8 10. dxe5 Nxe5 11. Nxe5 dxe5 12. e4 Be6 13. Qc1 Nh5 14. Be2 Nf6 15. Bh6 Qc7 16. Qg5 Rad8 17. Bd3 Nh5 18. Bxg7 Kxg7 19. Red1 Qe7 20. Qxe5+ Kg8 21. Be2 Ng7 22. Rxd8 Rxd8 23. Rd1 Rxd1+ 24. Bxd1 Qd8 25. Qc5 Qb6 26. Qxb6 axb6 27. Na4 b5 28. Nc5 b6 29. Nxe6 fxe6 30. f4 e5 31. fxe5 h5 32. c3 c5 33. Kf2 Kf7 1-0

[Event "ZL-2015-0-01748"]
[Site "LSS email"]
[Date "2015.09.29"]
[Round "?"]
[White "Bozhan, Ganev"]
[Black "Lauer, Frederic"]
[Result "1/2-1/2"]
[WhiteElo "1347"]
[BlackElo "1160"]
[PlyCount "96"]
[EventDate "2015.09.21"]
[EventType "match (corr)"]
[EventRounds "2"]
[EventCountry "GER"]
[SourceTitle "Corr 2022"]
[Source "ChessBase"]
[SourceDate "2021.10.24"]
[SourceVersion "1"]
[SourceVersionDate "2021.10.24"]
[SourceQuality "1"]

1. e4 c5 2. Nf3 d6 3. d4 cxd4 4. Nxd4 Nf6 5. Bb5+ Bd7 6. Bxd7+ Qxd7 7. Nc3 Nc6 8. f3 g6 9. Be3 Bg7 10. Qd2 0-0 11. 0-0-0 Nxd4 12. Bxd4 b5 13. Nd5 Nxd5 14. Bxg7 Kxg7 15. Qxd5 a6 16. e5 Rfc8 17. exd6 exd6 18. Qxd6 Qf5 19. Qd4+ Kg8 20. Qd3 Qf4+ 21. Qd2 Qc4 22. Kb1 a5 23. Rhe1 a4 24. Re4 Qc7 25. Rd4 Qc5 26. Rc1 Re8 27. c4 b4 28. Rd5 Qb6 29. Rb5 Qc7 30. g3 b3 31. a3 Rad8 32. Qc3 Re2 33. h4 Rdd2 34. f4 Rxb2+ 35. Qxb2 Rxb2+ 36. Kxb2 Kg7 37. c5 Qc6 38. Rb6 Qg2+ 39. Kc3 Qxg3+ 40. Kb4 Qxf4+ 41. Rc4 Qd2+ 42. Kxa4 b2 43. Rcb4 Qc2+ 44. Ka5 Qxc5+ 45. Ka4 Qc2+ 46. Ka5 Qc5+ 47. Ka4 Qc2+ 48. Ka5 Qc5+ 1/2-1/2

[Event "ZL-2015-0-01706"]
[Site "LSS email"]
[Date "2015.07.19"]
[Round "?"]
[White "Bozhan, Ganev"]
[Black "Shim Ng Min, Francis"]
[Result "1-0"]
[WhiteElo "1337"]
[BlackElo "1196"]
[PlyCount "67"]
[EventDate "2015.07.15"]
[EventType "match (corr)"]
[EventRounds "2"]
[EventCountry "GER"]
[SourceTitle "Corr 2022"]
[Source "ChessBase"]
[SourceDate "2021.10.24"]
[SourceVersion "1"]
[SourceVersionDate "2021.10.24"]
[SourceQuality "1"]

1. e4 c5 2. Nf3 d6 3. d4 cxd4 4. Nxd4 Nf6 5. Nc3 a6 6. Be3 e5 7. Nb3 Be6 8. f4 exf4 9. Bxf4 Be7 10. Nd4 Bg4 11. Be2 Bxe2 12. Qxe2 0-0 13. Nf5 Qc7 14. g4 Nc6 15. 0-0-0 Rfd8 16. g5 Ne8 17. Nd5 Qd7 18. h4 Rab8 19. h5 Bf8 20. Qh2 b5 21. h6 g6 22. Ng7 Kh8 23. Nxe8 Qxe8 24. Nf6 Qe6 25. Kb1 Nb4 26. a3 Qa2+ 27. Kc1 Nc6 28. Rd5 Qa1+ 29. Kd2 Qxb2 30. Rd3 Ne5 31. Bxe5 dxe5 32. Nd7 Bxa3 33. Rb1 Bb4+ 34. Ke3 1-0

[Event "ZL-2015-0-01610"]
[Site "LSS email"]
[Date "2015.03.05"]
[Round "?"]
[White "Bozhan, Ganev"]
[Black "Demetriades, Jenny"]
[Result "1/2-1/2"]
[WhiteElo "1317"]
[BlackElo "1475"]
[PlyCount "60"]
[EventDate "2015.03.03"]
[EventType "match (corr)"]
[EventRounds "2"]
[EventCountry "GER"]
[SourceTitle "Corr 2022"]
[Source "ChessBase"]
[SourceDate "2021.10.24"]
[SourceVersion "1"]
[SourceVersionDate "2021.10.24"]
[SourceQuality "1"]

1. d4 d5 2. c4 e6 3. Nc3 Nf6 4. cxd5 exd5 5. Bg5 Be7 6. e3 0-0 7. Bd3 Nbd7 8. Nf3 Re8 9. 0-0 Nf8 10. Qc2 Ng6 11. b4 c6 12. b5 cxb5 13. Nxb5 Bg4 14. Ne5 Nxe5 15. dxe5 Ne4 16. Bxe7 Qxe7 17. Nd6 Nxd6 18. Bxh7+ Kf8 19. exd6 Qxd6 20. Bf5 Bxf5 21. Qxf5 Re4 22. Rfd1 Rd8 23. Qh7 Qe5 24. Rab1 b6 25. f4 Qc3 26. Rb3 Qf6 27. Ra3 a5 28. Qh8+ Ke7 29. Qh3 Kf8 30. Qh8+ Ke7 1/2-1/2

[Event "ZL-2015-0-01600"]
[Site "LSS email"]
[Date "2015.02.12"]
[Round "?"]
[White "Ausan, Leo Tito Jr"]
[Black "Bozhan, Ganev"]
[Result "0-1"]
[WhiteElo "1265"]
[BlackElo "1282"]
[PlyCount "88"]
[EventDate "2015.02.09"]
[EventType "match (corr)"]
[EventRounds "2"]
[EventCountry "GER"]
[SourceTitle "Corr 2022"]
[Source "ChessBase"]
[SourceDate "2021.10.24"]
[SourceVersion "1"]
[SourceVersionDate "2021.10.24"]
[SourceQuality "1"]

1. e4 c5 2. Nf3 a6 3. a4 Nc6 4. Bc4 Nf6 5. Nc3 Nxe4 6. Bxf7+ Kxf7 7. Nxe4 d5 8. Nxc5 e5 9. d4 exd4 10. Ng5+ Kg8 11. Nb3 Bb4+ 12. Kf1 Bf5 13. Nxd4 Nxd4 14. Qxd4 Be7 15. h4 h6 16. Nf3 Bxc2 17. Bf4 Kh7 18. Ng5+ hxg5 19. hxg5+ Kg8 20. Rxh8+ Kxh8 21. Be5 Bxg5 22. Bxg7+ Kg8 23. Ra3 Rc8 24. Rh3 Rc4 25. Rh8+ Kf7 26. Rxd8 Rxd4 27. Bxd4 Bxd8 28. Ke2 Bxa4 29. f4 Bb5+ 30. Ke3 Bd7 31. Be5 Bf5 32. Kd4 Ke6 33. Kc5 Bh4 34. Kb6 Bf2+ 35. Kxb7 d4 36. Kxa6 d3 37. Bc3 Bd4 38. Bd2 Kd5 39. b4 Kc4 40. b5 Bc8+ 41. Ka5 Bc3+ 42. Bxc3 Kxc3 43. Kb6 d2 44. Kc7 d1Q 0-1

[Event "ZL-2014-0-01526"]
[Site "LSS email"]
[Date "2014.09.18"]
[Round "?"]
[White "Lenz, Juergen"]
[Black "Bozhan, Ganev"]
[Result "0-1"]
[WhiteElo "947"]
[BlackElo "1181"]
[PlyCount "78"]
[EventDate "2014.08.30"]
[EventType "match (corr)"]
[EventRounds "2"]
[EventCountry "GER"]
[SourceTitle "Corr 2015"]
[Source "ChessBase"]
[SourceDate "2015.07.17"]
[SourceVersion "1"]
[SourceVersionDate "2015.07.17"]
[SourceQuality "1"]

1. d4 Nf6 2. Nf3 g6 3. Bf4 Nh5 4. Bg5 h6 5. Bh4 Bg7 6. g4 Nf6 7. h3 g5 8. Bg3 d5 9. Bg2 c6 10. 0-0 h5 11. gxh5 Qb6 12. Qc1 Nxh5 13. Bh2 Nf4 14. Bxf4 gxf4 15. Qxf4 Qxb2 16. Nbd2 Bh6 17. Qh4 Qxc2 18. e4 Qd3 19. exd5 cxd5 20. Rfe1 Nc6 21. Nb3 Rg8 22. Kh1 Qg6 23. Rg1 Rh8 24. Qg3 Qxg3 25. fxg3 Be3 26. Rgf1 Bxh3 27. Bxh3 Rxh3+ 28. Kg2 Rh8 29. Rae1 Bh6 30. Nc5 b6 31. Na6 Rc8 32. Re2 e6 33. g4 Ke7 34. Ne5 Nxe5 35. dxe5 Rc4 36. a3 Rxg4+ 37. Kf2 Rf4+ 38. Ke1 Rxf1+ 39. Kxf1 Bf4 0-1

[Event "ZL-2014-0-01423"]
[Site "LSS email"]
[Date "2014.03.25"]
[Round "?"]
[White "Fiser, Otakar"]
[Black "Bozhan, Ganev"]
[Result "1/2-1/2"]
[WhiteElo "1453"]
[BlackElo "1162"]
[PlyCount "141"]
[EventDate "2014.03.16"]
[EventType "match (corr)"]
[EventRounds "2"]
[EventCountry "GER"]
[SourceTitle "Corr 2022"]
[Source "ChessBase"]
[SourceDate "2021.10.24"]
[SourceVersion "1"]
[SourceVersionDate "2021.10.24"]
[SourceQuality "1"]

1. c4 Nf6 2. Nc3 g6 3. Nf3 Bg7 4. d4 d5 5. g3 0-0 6. cxd5 Nxd5 7. Bg2 c5 8. 0-0 Nc6 9. Nxd5 Qxd5 10. Be3 Qh5 11. dxc5 Bxb2 12. Rb1 Bf6 13. Qa4 Rd8 14. h4 Rb8 15. Ng5 Bd7 16. Rfd1 Nd4 17. Qa5 Nxe2+ 18. Kh2 Be5 19. Rb4 Nxg3 20. Bf3 Ne4+ 21. Kg2 Qxh4 22. Rh1 Qxg5+ 23. Bxg5 Nxg5 24. c6 Nxf3 25. cxd7 Bc3 26. Kxf3 b6 27. Rhh4 Bxb4 28. Qxb4 Rxd7 29. Rd4 Rc7 30. Qd2 Kg7 31. Rd7 Rbb7 32. Rxc7 Rxc7 33. Qd4+ f6 34. Qd8 Rc3+ 35. Kg2 Kf7 36. Qd5+ Kg7 37. Qb7 Kf7 38. Qxa7 Rc6 39. Qa4 Rd6 40. Qc4+ Kg7 41. Qc8 h5 42. Qe8 Re6 43. a3 h4 44. Qd7 Re5 45. Qd4 b5 46. Qxh4 Rg5+ 47. Kf1 Rh5 48. Qe4 Kf7 49. Qc6 Re5 50. Qd7 Rf5 51. Qd8 Rc5 52. f3 Rc3 53. Ke2 Rxa3 54. Qd5+ Kf8 55. f4 Rh3 56. Qxb5 Rh5 57. Qb8+ Kf7 58. Ke3 e5 59. Qc7+ Ke6 60. Qc6+ Ke7 61. Qb7+ Ke6 62. Qc8+ Ke7 63. fxe5 Rxe5+ 64. Kd4 Rg5 65. Qb7+ Ke6 66. Qe4+ Kf7 67. Qh1 Rg4+ 68. Ke3 f5 69. Qh7+ Kf6 70. Qh8+ Kf7 71. Qh7+ 1/2-1/2

[Event "ZL-2014-0-01416"]
[Site "LSS email"]
[Date "2014.02.26"]
[Round "?"]
[White "Zabransky, Frantisek"]
[Black "Bozhan, Ganev"]
[Result "1-0"]
[WhiteElo "1623"]
[BlackElo "1166"]
[PlyCount "121"]
[EventDate "2014.02.15"]
[EventType "match (corr)"]
[EventRounds "2"]
[EventCountry "GER"]
[SourceTitle "Corr 2022"]
[Source "ChessBase"]
[SourceDate "2021.10.24"]
[SourceVersion "1"]
[SourceVersionDate "2021.10.24"]
[SourceQuality "1"]

1. e4 e5 2. Nf3 Nc6 3. Bc4 Nf6 4. Ng5 d5 5. exd5 b5 6. Bf1 Nxd5 7. Bxb5 Bb7 8. d4 exd4 9. 0-0 Nde7 10. Re1 Qd5 11. Na3 Qf5 12. Bc4 Nd8 13. Nb5 Qc5 14. Qd3 a6 15. Nxd4 Bd5 16. Bxd5 Qxd5 17. c4 Qd7 18. Qe4 Rb8 19. Bf4 h6 20. Rad1 hxg5 21. Nf5 gxf4 22. Rxd7 Kxd7 23. Nxe7 Rb6 24. Rd1+ Rd6 25. Rxd6+ cxd6 26. Nd5 f3 27. Qf5+ Ke8 28. Qc2 Ne6 29. Qa4+ Kd8 30. Qxa6 fxg2 31. Qa8+ Kd7 32. Qb7+ Ke8 33. Nb6 Be7 34. Qd7+ Kf8 35. Nc8 Bf6 36. Qxd6+ Ke8 37. c5 Rh4 38. c6 Rd4 39. Qb8 Rd1+ 40. Kxg2 Bd8 41. Nd6+ Ke7 42. Qa7+ Kxd6 43. Qd7+ Kc5 44. Qxd1 Kxc6 45. Qf3+ Kd6 46. Qxf7 Bf6 47. b4 Be5 48. a4 Nf4+ 49. Kf3 Ne6 50. Kg4 Bxh2 51. a5 Be5 52. a6 Bd4 53. a7 Nc7 54. Qf4+ Be5 55. Qf8+ Kd7 56. Qc5 Bd6 57. Qxc7+ Kxc7 58. a8Q Bxb4 59. Qa7+ Kc6 60. Qxg7 Bd6 61. f4 1-0

[Event "OP-2013-0-02624"]
[Site "LSS email"]
[Date "2013.02.03"]
[Round "?"]
[White "Skowronek, Juergen"]
[Black "Bozhan, Ganev"]
[Result "1-0"]
[WhiteElo "1751"]
[BlackElo "1111"]
[PlyCount "69"]
[EventDate "2013.01.30"]
[EventType "tourn (corr)"]
[EventRounds "4"]
[EventCountry "GER"]
[SourceTitle "Telechess CBM 161"]
[Source "ChessBase"]
[SourceDate "2014.07.16"]
[SourceVersion "1"]
[SourceVersionDate "2014.07.16"]
[SourceQuality "1"]

1. Nf3 Nf6 2. c4 g6 3. Nc3 Bg7 4. e4 d6 5. d4 0-0 6. Be2 Nc6 7. h3 e5 8. d5 Ne7 9. g4 c6 10. Be3 Qa5 11. Qd2 c5 12. Ng5 Ne8 13. 0-0 f5 14. exf5 gxf5 15. gxf5 Nxf5 16. Ne6 Bxe6 17. dxe6 Qd8 18. Nd5 Nf6 19. Rad1 Qe8 20. Kh2 Rc8 21. e7 Nxe7 22. Nxe7+ Qxe7 23. Qxd6 Qf7 24. Rg1 Kh8 25. Rg2 Rc6 26. Qd2 b6 27. Rdg1 Rg8 28. b3 Qc7 29. a3 Rd6 30. Qc2 Rd7 31. Qf5 Rf7 32. Kh1 e4 33. Rd1 Rff8 34. b4 cxb4 35. axb4 1-0

[Event "OP-2012-0-02032"]
[Site "LSS email"]
[Date "2012.01.29"]
[Round "?"]
[White "Bozhan, Ganev"]
[Black "Ederer, Karel"]
[Result "0-1"]
[WhiteElo "1042"]
[BlackElo "2177"]
[PlyCount "94"]
[EventDate "2012.01.26"]
[EventType "tourn (corr)"]
[EventRounds "4"]
[EventCountry "GER"]
[SourceTitle "Telechess CBM 153"]
[Source "ChessBase"]
[SourceDate "2013.03.14"]
[SourceVersion "1"]
[SourceVersionDate "2013.03.14"]
[SourceQuality "1"]

1. e4 e6 2. d4 d5 3. exd5 exd5 4. Nf3 Bd6 5. Bd3 Nc6 6. 0-0 Nge7 7. Re1 0-0 8. c3 Bf5 9. Bg5 Qd7 10. Qc2 f6 11. Be3 Bxd3 12. Qxd3 Rae8 13. Na3 Bxa3 14. bxa3 Na5 15. Rab1 b6 16. Nd2 Qf5 17. Qxf5 Nxf5 18. Bf4 g5 19. Bg3 Rxe1+ 20. Rxe1 Rc8 21. f3 c5 22. dxc5 Rxc5 23. Rc1 Rb5 24. Rc2 Ne3 25. a4 Nxc2 26. axb5 Na3 27. Nb3 Nxb3 28. axb3 Nxb5 29. Be1 d4 30. cxd4 Nxd4 31. b4 Kf7 32. Kf2 Ke6 33. Bc3 Nb5 34. Be1 Kd5 35. Kg3 Kc4 36. Kg4 Nc3 37. Kf5 Kxb4 38. Kxf6 a5 39. Kxg5 a4 40. Bg3 Kb3 41. Bd6 a3 42. Bxa3 Kxa3 43. f4 b5 44. g4 b4 45. f5 b3 46. Kh6 Nd5 47. g5 b2 0-1